| 000 | 00829nam a2200253 a 4500 | ||
|---|---|---|---|
| 001 | 427502 | ||
| 005 | 20240818092926.0 | ||
| 008 | 820505s1981 nyua 001 0 eng | ||
| 010 | _a81052778 | ||
| 020 | _a087891532X (pbk.) | ||
| 040 |
_aDLC _cDLC _dDLC |
||
| 050 | 0 | 0 |
_aQD456 _b.P56 |
| 082 | 0 | 0 |
_a540.76 _219 _bPHY |
| 245 | 0 | 4 |
_aThe Physical Chemistry Problem Solver / _cstaff of Research and Education Association. |
| 260 |
_aNew York : _bREA , _cc1981. |
||
| 300 |
_axi, 788 p. : _bill. ; _c26 cm. |
||
| 500 | _aIncludes index. | ||
| 650 | 0 |
_aChemistry, Physical and theoretical _xProblems, exercises, etc. _97395 |
|
| 710 | 2 |
_aResearch and Education Association. _97396 |
|
| 942 |
_2ddc _cBB _hRDA-MOD |
||
| 999 |
_c12159 _d12159 |
||
| 336 |
_2rdacontent _atext _btxt |
||
| 337 |
_aunmediated _2rdamedia _bn |
||
| 338 |
_avolume _bnc _2rdacarrier |
||